000 00292nam a2200121Ia 4500
008 150201s2008 xx 000 0 und d
082 _a616
_bH08W
100 _aWHO
245 _aHIV/AIDS CARE AND TREATMENT
260 _bAITBS
_aDELHI
_c2008
650 _aMEDICINE AND DIAGNOSIS
942 _2ddc
_cBK
999 _c863
_d863